000 00976cam a2200301 i 4500
001 1320225
003 Ke-BoTe
005 20220125095023.0
008 780605s1979 nyu 000 0 eng
010 _a 78018444
020 _a0024181900
020 _a0024182001 (pbk.)
020 _z0024182303
_z0024182206 pbk.
040 _aDLC
_cDLC
_dDLC
050 0 0 _aPE1408
_b.S772 1979
082 0 0 _a808/.042
100 1 _aStrunk, William,
_d1869-1946.
_92331
245 1 4 _aThe elements of style /
_cby William Strunk, Jr. ; with revisions, an introd., and a chapter on writing by E. B. White.
250 _a3d ed.
260 _aNew York :
_bMacmillan,
_cc1979.
300 _axvii, 85 p. ;
_c21 cm.
650 0 _aEnglish language
_xRhetoric.
_92332
650 0 _aEnglish language
_xStyle.
_91485
650 0 _aReport writing.
_92333
700 1 _aWhite, E. B.
_q(Elwyn Brooks),
_d1899-1985.
_92334
906 _a7
_bcbc
_corignew
_d1
_eocip
_f19
_gy-gencatlg
942 _2lcc
_cBK
_n0
999 _c1216
_d1216